000
00226nam a22000857a 4500
008
170601b xxu||||| |||| 00| 0 eng d
100
_9
3212
_a
Shastri. C
245
_a
The hill of the holy Eagles
260
_a
New Delhi
_b
Devamanla
_c
2001
999
_c
6525
_d
6525